| 000 | 01942nam0a2200373 4500 | ||
|---|---|---|---|
| 001 | RU\NLR\bibl\850093 | ||
| 005 | 20260407121752.0 | ||
| 010 |
_a5-89176-268-4 _9400 |
||
| 021 |
_aRU _b2005-23761 _91207 |
||
| 035 | _a(nilc)RSL-KNO-002597491 | ||
| 035 | _a(NLR Aleph) 000838846 | ||
| 090 |
_a1407523 _c1407523 |
||
| 100 | _a20050504d2004 |||y0rusy50 ca | ||
| 101 | 0 | _arus | |
| 102 | _aRU | ||
| 105 | _aa ||||||||| | ||
| 200 | 1 |
_aПроблемы каменного века Русской равнины _e[сборник] _fРос. акад. наук, Ин-т археологии _g[сост. кандидаты ист.наук Е.В. Леонова, К.Н. Гаврилов] _gотв. ред. Х.А. Амирханов |
|
| 210 |
_aМ. _cНауч. мир _d2004 |
||
| 215 |
_a330,[1] с., [3] л. ил. _cил. _d26 |
||
| 320 | _aБиблиогр. в конце разд. | ||
| 606 | 1 |
_aКаменный век _jСборники _yВосточно-Европейская равнина (Европа Восточная) _92393860 _3RU\NLR\auth\661427380 |
|
| 610 | 0 | _aИстория. Исторические науки -- Археология -- Россия -- Первобытная археология -- Каменный век -- Европейская часть -- Сборник | |
| 686 |
_aТ4(2)213я431 _2rubbk |
||
| 686 | _aТ4(2)21я43 | ||
| 702 | 1 |
_4220 _8rus _7ca _aЛеонова _bЕ. В. _cканд. ист. наук _f1967- _gЕлена Викторовна _3RU\NLR\auth\77116943 _999868 |
|
| 702 | 1 |
_4340 _7ca _8rus _aАмирханов _bХ. А. _f1949- _gХизри Амирханович _9167204 _3RU\NLR\AUTH\770167251 |
|
| 712 | 0 | 2 |
_4570 _aИнститут археологии _cМосква _3RU\NLR\AUTH\889957087 _9410279 |
| 801 | 0 |
_aRU _bRuMoRKP _c20050504 _grcr |
|
| 801 | 1 |
_aRU _bRuMoRGB _c20050504 |
|
| 801 | 2 |
_aRU _bNLR _c20051007 _grcr |
|
| 942 | _cBOOK | ||
| 980 | _aNB | ||